Actividades geométricas del primer grado del segundo ciclo. Tercer año.

Saved in:
Bibliographic Details
Main Author: Hidalgo Monroy, Luis Autor
Format: Book
Language:Spanish
Published: México Edit. Patria 1958 1958
Textbook Catalogue:MANES:  Library Catalog Search Result
Textbook Classification:
Tags: Add Tag
No Tags, Be the first to tag this record!
Added to:2018-12-06
Changed in:2022-04-05

MARC

LEADER 00000nam a2200000 4500
005 20220406014857.0
008 181207b xxu||||| |||| 00| 0 spa d
040 |a centro_manes   |c universidad_colima 
100 |9 14367  |a Hidalgo Monroy, Luis  |b Autor 
245 |a Actividades geométricas del primer grado del segundo ciclo. Tercer año. 
260 |a México   |b Edit. Patria 1958  |c 1958 
300 |a 177 p.   |c 28 cm. 
500 |a Aparece: Francisco Ziga, "Bibliografía Pedagógica. Libros de texto para enseñanza primaria:1850-1970 V. Libros de Matemáticas" en Boletín del Instituto de Investigaciones Bibliográficas 1981-1982, Biblioteca Nacional, Hemeroteca Nacional, Universidad Nacional Autónoma de México, Nos. 18 - 19 p. 45.  |a Ils.  
690 0 |a MATE 
691 0 |a PRI 
942 |2 ddc  |c BK 
999 |c 53809  |d 53809 
999 |c manes:53809  |d 53809